000 00722nam a2200253Ia 4500
003 OSt
005 20220928124453.0
006 a|||||r|||| 00| 0
007 ta
008 220927b |||||||| |||| 00| 0 eng d
024 _a25208
037 _cTextual
040 _aSDCL
_cSDCL
_beng
041 _2eng
_aeng
082 _aL7, P8
100 _aDarlison Mark G Ed.
_9465410
245 0 _aInhibitory regulation of excitatory neurotransmssion.
260 _aHeidelberg
_bSpringer
_c2008
300 _axvi,248p.
_ccm.
490 _aResults and problems in cell differentiation.
650 _aNeurotransmission
_9437251
942 _hL7, P8
_cTEXL
_2CC
999 _c778291
_d778291